[Event "World Cup U18 Prel"]
[Site "Tornelo INT"]
[Date "2021.08.17"]
[Round "3"]
[White "Hemstapat, Andrew"]
[Black "Mcligeyo, Robert Oluka"]
[Result "1-0"]
[WhiteElo "2130"]
[BlackElo "1688"]
[PlyCount "87"]
[EventDate "2021.08.16"]
[EventType "swiss (rapid)"]
[EventRounds "10"]
[EventCountry "NET"]
[SourceTitle "CBM 203 Extra"]
[Source "ChessBase"]
[SourceDate "2021.09.30"]
[SourceVersion "1"]
[SourceVersionDate "2021.09.30"]
[SourceQuality "1"]

1. e4 c5 2. Nf3 e6 3. Nc3 Nc6 4. d4 cxd4 5. Nxd4 a6 6. Be2 d6 7. Be3 Nf6 8. Qd2 Be7 9. f3 Qc7 10. g4 Nxd4 11. Bxd4 0-0 12. 0-0-0 Qa5 13. Kb1 b5 14. Nd5 Qd8 15. Nxe7+ Qxe7 16. g5 Nd7 17. h4 Bb7 18. h5 d5 19. e5 g6 20. Rh4 Rfc8 21. Rdh1 Nf8 22. Bd3 Qd7 23. Qf2 Qc7 24. Qh2 a5 25. f4 a4 26. hxg6 fxg6 27. c3 Qf7 28. Rh6 Rc7 29. Qh4 Bc6 30. a3 Be8 31. Qf2 Rac8 32. Bb6 Rc6 33. Ba5 Ra6 34. Bb4 Ra7 35. Bxf8 Kxf8 36. Qb6 Rb7 37. Qd6+ Qe7 38. Rxh7 Qxd6 39. Rh8+ Ke7 40. R1h7+ Kd8 41. exd6 Rxh7 42. Rxh7 Bd7 43. Rh8+ Be8 44. Bxb5 1-0

[Event "North American op 30th"]
[Site "ICC INT"]
[Date "2020.12.29"]
[Round "7"]
[White "Bagaturov, Giorgi"]
[Black "Hemstapat, Andrew"]
[Result "1/2-1/2"]
[WhiteElo "2431"]
[BlackElo "2130"]
[PlyCount "74"]
[EventDate "2020.12.26"]
[EventType "swiss"]
[EventRounds "8"]
[EventCountry "USA"]
[SourceTitle "CBM 200 Extra"]
[Source "ChessBase"]
[SourceDate "2021.03.31"]
[SourceVersion "1"]
[SourceVersionDate "2021.03.31"]
[SourceQuality "1"]

1. Nf3 d6 2. g3 e5 3. d3 f5 4. Bg2 Nf6 5. c4 Be7 6. Nc3 0-0 7. 0-0 Qe8 8. e3 Bd8 9. Rb1 a5 10. b3 c6 11. a3 Na6 12. b4 axb4 13. axb4 Kh8 14. e4 f4 15. gxf4 exf4 16. Bxf4 Nxe4 17. Nxe4 Rxf4 18. Nxd6 Qg6 19. Nxc8 Rxc8 20. Ne5 Qf5 21. d4 Bc7 22. Rb3 Rd8 23. Bh3 Qf6 24. Qh5 g6 25. Qe2 Rfxd4 26. Nf3 Rf4 27. Re3 Rf8 28. Bg2 Nxb4 29. Re6 Qg7 30. Re7 R4f7 31. Rxf7 Rxf7 32. Re1 h6 33. Qd2 Na6 34. Qd3 Nc5 35. Re8+ Rf8 36. Rxf8+ Qxf8 37. Qxg6 Qd6 1/2-1/2

[Event "Canadian op"]
[Site "Regina"]
[Date "2019.07.17"]
[Round "8"]
[White "Hemstapat, Andrew"]
[Black "Gottuk, Stefan"]
[Result "1/2-1/2"]
[WhiteElo "2069"]
[BlackElo "2116"]
[PlyCount "25"]
[EventDate "2019.07.12"]
[EventType "swiss"]
[EventRounds "9"]
[EventCountry "CAN"]
[SourceTitle "EXT 2020"]
[Source "ChessBase"]
[SourceDate "2019.10.17"]
[SourceVersion "1"]
[SourceVersionDate "2019.10.17"]
[SourceQuality "1"]

1. e4 e6 2. d4 d5 3. Nd2 h6 4. Bd3 c5 5. dxc5 Bxc5 6. Ne2 Nc6 7. Ng3 Nf6 8. c3 Ne5 9. Be2 dxe4 10. Ngxe4 Nxe4 11. Nxe4 Qxd1+ 12. Kxd1 Bb6 13. Bf4 1/2-1/2

[Event "Canadian op"]
[Site "Regina"]
[Date "2019.07.15"]
[Round "6"]
[White "Cherniaev, Alexander"]
[Black "Hemstapat, Andrew"]
[Result "1-0"]
[WhiteElo "2396"]
[BlackElo "2069"]
[PlyCount "109"]
[EventDate "2019.07.12"]
[EventType "swiss"]
[EventRounds "9"]
[EventCountry "CAN"]
[SourceTitle "EXT 2020"]
[Source "ChessBase"]
[SourceDate "2019.10.17"]
[SourceVersion "1"]
[SourceVersionDate "2019.10.17"]
[SourceQuality "1"]

1. d4 Nf6 2. Bg5 Ne4 3. Bf4 d6 4. Nd2 Nf6 5. e4 Nc6 6. d5 e5 7. Be3 Ne7 8. f3 h5 9. h4 g6 10. c4 Bh6 11. Bf2 c5 12. Ne2 g5 13. hxg5 Bxg5 14. g3 Ng6 15. Bh3 Bxh3 16. Rxh3 Qd7 17. Rh1 Ke7 18. Nf1 Ne8 19. Be3 Bxe3 20. Nxe3 Ng7 21. Qd3 Kd8 22. a3 Rb8 23. b4 b6 24. Rb1 Kc7 25. Kd2 h4 26. g4 Rb7 27. Rh2 Kb8 28. Qb3 Qe7 29. Ke1 Qg5 30. bxc5 dxc5 31. Rh3 Rd8 32. a4 Ne8 33. Nf5 Nd6 34. Nxd6 Rxd6 35. Qc3 a5 36. Qd2 f6 37. Rb2 Ka7 38. Kd1 Ne7 39. Kc1 Nc8 40. Nc3 Ka6 41. Kb1 Rd8 42. Nb5 Nd6 43. Nxd6 Rxd6 44. Qe1 Rh7 45. Rbh2 Qf4 46. Qe2 Rdd7 47. Rxh4 Rxh4 48. Rxh4 Qg3 49. Rh1 Rg7 50. Rd1 Ka7 51. d6 Rd7 52. Kc2 Ka6 53. Qd3 Qf2+ 54. Rd2 Qe1 55. Qb3 1-0

[Event "Canadian op"]
[Site "Regina"]
[Date "2019.07.14"]
[Round "3"]
[White "Hemstapat, Andrew"]
[Black "Malek, Omid"]
[Result "1-0"]
[WhiteElo "2069"]
[BlackElo "2141"]
[PlyCount "77"]
[EventDate "2019.07.12"]
[EventType "swiss"]
[EventRounds "9"]
[EventCountry "CAN"]
[SourceTitle "EXT 2020"]
[Source "ChessBase"]
[SourceDate "2019.10.17"]
[SourceVersion "1"]
[SourceVersionDate "2019.10.17"]
[SourceQuality "1"]

1. e4 e6 2. Nf3 d5 3. Nc3 Nf6 4. e5 Nfd7 5. d4 c5 6. Bg5 Qb6 7. dxc5 Bxc5 8. Qd2 Qxb2 9. Rb1 Qa3 10. Nb5 Qxa2 11. Nc7+ Kf8 12. Rc1 Nc6 13. Nxa8 d4 14. c3 Qa5 15. Nxd4 Ncxe5 16. Be2 h6 17. Be3 Be7 18. 0-0 Qd8 19. f4 Ng6 20. Rcd1 Kg8 21. f5 exf5 22. Nxf5 Kh7 23. Bb5 Nde5 24. Nxe7 Qxe7 25. Ra1 Qd8 26. Bd4 Be6 27. Rxa7 Qd5 28. Be2 Nc6 29. Ra4 b5 30. Raa1 b4 31. Qe3 Qg5 32. Bf3 Nxd4 33. Qxd4 b3 34. Ra7 Qd8 35. Nc7 Bc8 36. Be4 Bh3 37. Kh1 Bg4 38. Nd5 b2 39. Raxf7 1-0

[Event "Victoria op"]
[Site "Victoria"]
[Date "2019.04.22"]
[Round "5"]
[White "Hemstapat, Andrew"]
[Black "Zheng, Maven"]
[Result "1-0"]
[WhiteElo "2198"]
[BlackElo "1886"]
[PlyCount "39"]
[EventDate "2019.04.19"]
[EventType "swiss"]
[EventRounds "6"]
[EventCountry "CAN"]
[SourceTitle "CBM 190 Extra"]
[Source "ChessBase"]
[SourceDate "2019.07.15"]
[SourceVersion "1"]
[SourceVersionDate "2019.07.15"]
[SourceQuality "1"]

1. e4 e5 2. Bc4 Nf6 3. d4 Nc6 4. Nf3 Nxe4 5. dxe5 Bc5 6. Qd5 Bxf2+ 7. Kf1 0-0 8. Qxe4 Bc5 9. Bd3 g6 10. Bg5 d5 11. Qh4 Qd7 12. Bf6 h5 13. Qg5 Be3 14. Qxe3 Kh7 15. h3 Rh8 16. Bxh8 Kxh8 17. Qh6+ Kg8 18. Ng5 Nxe5 19. Qh7+ Kf8 20. Qh8+ 1-0

[Event "Victoria op"]
[Site "Victoria"]
[Date "2019.04.21"]
[Round "3"]
[White "Hemstapat, Andrew"]
[Black "Wei, Daniel"]
[Result "0-1"]
[WhiteElo "2198"]
[BlackElo "1946"]
[PlyCount "94"]
[EventDate "2019.04.19"]
[EventType "swiss"]
[EventRounds "6"]
[EventCountry "CAN"]
[SourceTitle "CBM 190 Extra"]
[Source "ChessBase"]
[SourceDate "2019.07.15"]
[SourceVersion "1"]
[SourceVersionDate "2019.07.15"]
[SourceQuality "1"]

1. e4 c5 2. Nf3 Nc6 3. d4 cxd4 4. Nxd4 g6 5. Nc3 Bg7 6. Be3 Nf6 7. Nxc6 bxc6 8. e5 Ng4 9. Bd4 f6 10. f4 Qa5 11. Qe2 c5 12. exf6 Nxf6 13. Be5 0-0 14. Qb5 Qxb5 15. Bxb5 d6 16. Bxf6 Bxf6 17. Bc4+ Kg7 18. Nd1 Rb8 19. Rb1 Bf5 20. Bd3 Bxd3 21. cxd3 Rb4 22. Rf1 Ra4 23. Ra1 Bd4 24. a3 c4 25. Rc1 cxd3 26. Rc7 Kf6 27. Nc3 Bxc3+ 28. Rxc3 Re4+ 29. Kd2 Re2+ 30. Kxd3 Rxg2 31. Rc2 Rxc2 32. Kxc2 Kg7 33. Kd3 e5 34. Ke4 Rxf4+ 35. Rxf4 exf4 36. Kxf4 Kf6 37. b4 g5+ 38. Kg4 Ke5 39. a4 Kd5 40. Kxg5 Kc4 41. b5 Kb4 42. Kf6 Kxa4 43. Ke6 Kxb5 44. Kxd6 a5 45. Kd5 Kb4 46. Kd4 Kb3 47. Kd3 Kb2 0-1

[Event "British Columbia op"]
[Site "Richmond"]
[Date "2019.02.17"]
[Round "4.3"]
[White "Mohammed Qanee, Arpak Worya"]
[Black "Hemstapat, Andrew"]
[Result "0-1"]
[WhiteElo "2231"]
[BlackElo "2208"]
[PlyCount "78"]
[EventDate "2019.02.16"]
[EventType "tourn"]
[EventRounds "6"]
[EventCountry "CAN"]
[SourceTitle "EXT 2022"]
[Source "ChessBase"]
[SourceDate "2021.10.06"]
[SourceVersion "1"]
[SourceVersionDate "2021.10.06"]
[SourceQuality "1"]

1. d4 Nf6 2. Bg5 Ne4 3. Bf4 d6 4. Nd2 Nf6 5. e4 Nc6 6. d5 e5 7. Be3 Ne7 8. f3 Ng6 9. c4 Be7 10. g3 Nh5 11. Qc2 0-0 12. Bd3 Bg5 13. Bf2 h6 14. 0-0-0 c5 15. dxc6 bxc6 16. c5 d5 17. exd5 cxd5 18. Kb1 Qc7 19. Ne2 f5 20. f4 exf4 21. g4 Nf6 22. gxf5 Ng4 23. Bd4 Nh4 24. h3 Ne3 25. Bxe3 fxe3 26. Nb3 Bxf5 27. Nbd4 Bxd3 28. Qxd3 Rae8 29. Nb5 Qxc5 30. Rc1 Qb4 31. Qxd5+ Kh8 32. Nd6 Rb8 33. Rc2 Bf6 34. b3 Rbd8 35. Nf7+ Rxf7 36. Qxf7 Qe4 37. Rhc1 Nf3 38. a4 Rc8 39. Qd7 Nd2+ 0-1

[Event "British Columbia op"]
[Site "Richmond"]
[Date "2019.02.16"]
[Round "2.2"]
[White "Sohal, Tanraj"]
[Black "Hemstapat, Andrew"]
[Result "1/2-1/2"]
[WhiteElo "2370"]
[BlackElo "2208"]
[PlyCount "99"]
[EventDate "2019.02.16"]
[EventType "tourn"]
[EventRounds "6"]
[EventCountry "CAN"]
[SourceTitle "EXT 2022"]
[Source "ChessBase"]
[SourceDate "2021.10.06"]
[SourceVersion "1"]
[SourceVersionDate "2021.10.06"]
[SourceQuality "1"]

1. e4 e6 2. d4 d5 3. Nd2 c5 4. exd5 Qxd5 5. Ngf3 cxd4 6. Bc4 Qd6 7. Qe2 Nf6 8. Nb3 Nc6 9. Bg5 a6 10. 0-0-0 b5 11. Bd3 Be7 12. Kb1 Bb7 13. Nfxd4 Nxd4 14. Nxd4 Qc5 15. Nf3 Rc8 16. h4 Nd5 17. Be4 Qc4 18. Bd3 Qb4 19. Bd2 Qa4 20. Ne5 Nb4 21. Bxb4 Qxb4 22. a3 Qc5 23. f4 Bf6 24. Rh3 Rd8 25. Ng4 Be7 26. Re3 g6 27. g3 h5 28. Ne5 Kf8 29. Re1 Bf6 30. Bxg6 fxg6 31. Nxg6+ Kf7 32. Nxh8+ Rxh8 33. Rxe6 Bc8 34. g4 hxg4 35. Qxg4 Qd4 36. c3 Qd3+ 37. Ka1 Qg6 38. Re7+ Bxe7 39. Rxe7+ Kf6 40. Qe2 Qg1+ 41. Ka2 Qc5 42. Re4 Qd5+ 43. c4 bxc4 44. Re5 Qf7 45. Qf2 Qb7 46. Qd4 Qb3+ 47. Ka1 Qd3 48. Qb6+ Kf7 49. Qc7+ Bd7 50. Qc5 1/2-1/2

[Event "British Columbia-ch U20"]
[Site "Vancouver"]
[Date "2018.11.12"]
[Round "5.1"]
[White "Doknjas, Joshua"]
[Black "Hemstapat, Andrew"]
[Result "1/2-1/2"]
[WhiteElo "2290"]
[BlackElo "2209"]
[PlyCount "41"]
[EventDate "2018.11.10"]
[EventType "swiss"]
[EventRounds "5"]
[EventCountry "CAN"]
[SourceTitle "EXT 2022"]
[Source "ChessBase"]
[SourceDate "2021.10.06"]
[SourceVersion "1"]
[SourceVersionDate "2021.10.06"]
[SourceQuality "1"]

1. e4 e6 2. d4 d5 3. Nc3 Nf6 4. Bg5 Be7 5. e5 Nfd7 6. Bxe7 Qxe7 7. f4 a6 8. Nf3 c5 9. dxc5 Nxc5 10. Qd2 Nc6 11. a3 0-0 12. Qe3 b5 13. b4 Nd7 14. Bd3 f5 15. exf6 Qxf6 16. 0-0 g6 17. Ne2 Bb7 18. Ned4 Rfe8 19. Rae1 Nf8 20. Nb3 Rab8 21. Ne5 1/2-1/2

[Event "British Columbia-ch"]
[Site "Vancouver"]
[Date "2018.10.07"]
[Round "4.3"]
[White "Morozov, Grigory"]
[Black "Hemstapat, Andrew"]
[Result "1-0"]
[WhiteElo "2365"]
[BlackElo "2201"]
[PlyCount "117"]
[EventDate "2018.10.05"]
[EventType "tourn"]
[EventRounds "7"]
[EventCountry "CAN"]
[SourceTitle "EXT 2022"]
[Source "ChessBase"]
[SourceDate "2021.10.06"]
[SourceVersion "1"]
[SourceVersionDate "2021.10.06"]
[SourceQuality "1"]

1. d4 Nf6 2. c4 g6 3. Nc3 Bg7 4. e4 d6 5. Nf3 0-0 6. Be2 e5 7. dxe5 dxe5 8. Qxd8 Rxd8 9. Bg5 Re8 10. Nd5 Nxd5 11. cxd5 c6 12. Bc4 cxd5 13. Bxd5 Nd7 14. Rc1 h6 15. Be3 Nf6 16. Bb3 Be6 17. Bxe6 Rxe6 18. Rc7 Nxe4 19. Rxb7 Ra6 20. a3 Nd6 21. Rb4 Rc6 22. 0-0 a5 23. Ra4 f5 24. Rb1 Rac8 25. b3 Ne4 26. Re1 Nc5 27. Rxa5 Nxb3 28. Rb5 Nc5 29. Rc1 Nd3 30. Rxc6 Rxc6 31. g3 Rd6 32. Rb6 Rxb6 33. Bxb6 Kf7 34. a4 g5 35. a5 Nb4 36. Nd2 Bf8 37. Nc4 Ke6 38. Kg2 g4 39. h3 h5 40. hxg4 hxg4 41. Ne3 Bh6 42. Kf1 Bxe3 43. Bxe3 Kd5 44. Bd2 Nc6 45. a6 Ke4 46. Bc3 f4 47. Ke2 Na7 48. Bb2 Nb5 49. Kd2 Kd5 50. Kd3 Nc7 51. a7 Na8 52. Bc1 f3 53. Bd2 Nb6 54. Ba5 Na8 55. Ke3 e4 56. Kf4 Kd4 57. Bd2 Kd3 58. Be3 Nc7 59. Ke5 1-0

[Event "CAN-ch U14"]
[Site "Quebec"]
[Date "2018.07.02"]
[Round "3.30"]
[White "Celer Matas, Simon"]
[Black "Hemstapat, Andrew"]
[Result "0-1"]
[WhiteElo "1223"]
[BlackElo "2239"]
[PlyCount "98"]
[EventDate "2018.07.02"]
[EventType "swiss"]
[EventRounds "7"]
[EventCountry "CAN"]
[SourceTitle "EXT 2022"]
[Source "ChessBase"]
[SourceDate "2021.10.06"]
[SourceVersion "1"]
[SourceVersionDate "2021.10.06"]
[SourceQuality "1"]

1. e4 e6 2. d4 d5 3. e5 c5 4. c3 Nc6 5. Nf3 Bd7 6. a3 c4 7. Be2 Na5 8. Nbd2 Bc6 9. Qc2 Qd7 10. Bd1 f5 11. b4 cxb3 12. Nxb3 Nc4 13. Nbd2 Rc8 14. Nxc4 dxc4 15. Qa2 Ne7 16. Be2 Bd5 17. Rb1 Be4 18. Rb4 b5 19. Qb2 a6 20. Qd2 Nc6 21. Rb2 Bxa3 22. Ra2 Bxc1 23. Qxc1 a5 24. Qb2 Rb8 25. 0-0 0-0 26. Nd2 Bd5 27. Bf3 Rfc8 28. Rd1 h6 29. Bxd5 Qxd5 30. Nf3 Kh7 31. h4 b4 32. Qd2 b3 33. Ra4 Qb5 34. Ra3 Ne7 35. Rda1 Nd5 36. Qb2 Ra8 37. Nd2 Nf4 38. Ra4 Qd5 39. Nf3 Rg8 40. Qd2 g5 41. hxg5 Nxg2 42. Kxg2 Rxg5+ 43. Kf1 Qxf3 44. Rxa5 Rag8 45. Ra7+ Kh8 46. Qxg5 Rxg5 47. Ra8+ Rg8 48. R8a6 Qd3+ 49. Ke1 Rg1# 0-1

[Event "British Columbia op"]
[Site "Richmond"]
[Date "2018.02.11"]
[Round "3.7"]
[White "Zheng, Victor"]
[Black "Hemstapat, Andrew"]
[Result "0-1"]
[WhiteElo "1808"]
[BlackElo "2166"]
[PlyCount "112"]
[EventDate "2018.02.10"]
[EventType "swiss"]
[EventRounds "6"]
[EventCountry "CAN"]
[SourceTitle "EXT 2022"]
[Source "ChessBase"]
[SourceDate "2021.10.06"]
[SourceVersion "1"]
[SourceVersionDate "2021.10.06"]
[SourceQuality "1"]

1. Nf3 e6 2. d4 f5 3. c4 Nf6 4. g3 Be7 5. Bg2 0-0 6. 0-0 d6 7. Nc3 a5 8. a3 Nc6 9. Qc2 e5 10. d5 Nb8 11. Rb1 Na6 12. b4 axb4 13. axb4 Qe8 14. h4 h6 15. Bh3 Qh5 16. Kg2 Bd7 17. Ng1 Rae8 18. e4 f4 19. Bxd7 Nxd7 20. Qe2 Qf7 21. Qf3 c5 22. b5 Nb4 23. Nce2 Nb6 24. Bd2 Nxc4 25. Bxb4 cxb4 26. Qd3 Nb6 27. Nf3 Ra8 28. gxf4 Nd7 29. f5 Ra3 30. Qd2 Qh5 31. Neg1 Qg4+ 32. Kh2 Rxf3 33. Nxf3 Qxf3 34. Qe3 Qxe3 35. fxe3 Bxh4 36. Rxb4 Ra8 37. Kh3 Bg5 38. Re1 Nc5 39. Re2 Ra3 40. Kg4 Kf7 41. Kf3 Kf6 42. Rbb2 Ra4 43. Ra2 Rxe4 44. Ra8 Kxf5 45. Rf8+ Bf6 46. Rc2 Rb4 47. Rg2 e4+ 48. Kg3 Ke5 49. Re8+ Kxd5 50. Rd2+ Nd3 51. Kg4 Rxb5 52. Kf5 Be5 53. Rc8 Rb2 54. Rxb2 Bxb2 55. Rc7 Nc5 56. Kg6 Be5 0-1

[Event "British Columbia-ch U20"]
[Site "Richmond"]
[Date "2017.11.13"]
[Round "5.2"]
[White "Hemstapat, Andrew"]
[Black "Zheng, Victor"]
[Result "1-0"]
[WhiteElo "2098"]
[BlackElo "1814"]
[PlyCount "61"]
[EventDate "2017.11.11"]
[EventType "swiss"]
[EventRounds "5"]
[EventCountry "CAN"]
[SourceTitle "EXT 2022"]
[Source "ChessBase"]
[SourceDate "2021.10.06"]
[SourceVersion "1"]
[SourceVersionDate "2021.10.06"]
[SourceQuality "1"]

1. e4 c5 2. Nf3 d6 3. d4 cxd4 4. Nxd4 Nf6 5. Nc3 a6 6. Bg5 e6 7. f4 Be7 8. Qf3 h6 9. Bh4 Qc7 10. 0-0-0 Nbd7 11. Bf2 b5 12. a3 Bb7 13. h4 h5 14. Bd3 Nb6 15. Rhe1 Rc8 16. Qg3 Ng4 17. Be2 Nxf2 18. Qxf2 Nc4 19. Bxc4 Qxc4 20. Nb3 0-0 21. Na5 Qc7 22. Nxb7 Qxb7 23. g4 hxg4 24. Qe2 g3 25. Rg1 Bxh4 26. Rh1 g5 27. Rxh4 f5 28. Rh5 g4 29. Rg5+ Kf7 30. exf5 Rfe8 31. Qxg4 1-0

[Event "British Columbia-ch U20"]
[Site "Richmond"]
[Date "2017.11.12"]
[Round "3.1"]
[White "Hemstapat, Andrew"]
[Black "Doknjas, Joshua"]
[Result "1/2-1/2"]
[WhiteElo "2098"]
[BlackElo "2259"]
[PlyCount "177"]
[EventDate "2017.11.11"]
[EventType "swiss"]
[EventRounds "5"]
[EventCountry "CAN"]
[SourceTitle "EXT 2022"]
[Source "ChessBase"]
[SourceDate "2021.10.06"]
[SourceVersion "1"]
[SourceVersionDate "2021.10.06"]
[SourceQuality "1"]

1. e4 c5 2. Nf3 d6 3. d4 cxd4 4. Nxd4 Nf6 5. Nc3 a6 6. Bg5 Nbd7 7. Bc4 Qb6 8. Bb3 e6 9. 0-0 Be7 10. a4 Nc5 11. a5 Qc7 12. Re1 0-0 13. Ba2 b5 14. axb6 Qxb6 15. Rb1 Bb7 16. b4 Ncd7 17. Na4 Qc7 18. f3 Rfe8 19. c4 Rac8 20. Qd2 Qb8 21. Be3 Bd8 22. Bf2 Bc7 23. g3 Qa8 24. Bb3 Ne5 25. Rbc1 Rcd8 26. Qc3 Rc8 27. c5 Bd8 28. Qe3 dxc5 29. bxc5 Nfd7 30. Red1 Kh8 31. h3 Re7 32. Be1 Bc7 33. Bb4 Nc6 34. Nxc6 Bxc6 35. Nb6 Bxb6 36. cxb6 Ree8 37. Bd6 Qb7 38. Bc7 Bb5 39. h4 Rg8 40. h5 h6 41. Rc2 Nf6 42. g4 Kh7 43. Rdc1 Nd7 44. Qd4 Nb8 45. Bc4 Nc6 46. Qc5 Bxc4 47. Rxc4 Nb8 48. Rd1 Kh8 49. Kh1 Rgf8 50. Qd6 a5 51. Rc2 Na6 52. g5 hxg5 53. h6 gxh6 54. Rh2 Kg7 55. Qe5+ f6 56. Qxe6 Rf7 57. Qh3 Rh8 58. Rd8 Rh7 59. Qc8 Qxc8 60. Rxc8 Kg6 61. Rc2 Nxc7 62. R2xc7 Rxc7 63. Rxc7 Rh8 64. Rc6 Kf7 65. Kg2 Rb8 66. e5 fxe5 67. Rxh6 Ke7 68. Kg3 Kd7 69. Kg4 Rf8 70. Rh7+ Kc6 71. b7 a4 72. Kxg5 a3 73. Kg4 a2 74. Rh1 Kxb7 75. Ra1 Rf4+ 76. Kg5 Rxf3 77. Rxa2 Kc6 78. Ra5 Kd6 79. Kg4 Rf4+ 80. Kg3 Ke6 81. Rb5 Rf8 82. Kg4 e4 83. Kg3 Kd6 84. Kg2 Rf7 85. Kg3 e3 86. Rb3 Re7 87. Rb1 Kd5 88. Kf3 Kd4 89. Rd1+ 1/2-1/2

[Event "British Columbia-ch"]
[Site "Victoria"]
[Date "2017.10.09"]
[Round "6.3"]
[White "Morozov, Grigory"]
[Black "Hemstapat, Andrew"]
[Result "1/2-1/2"]
[WhiteElo "2344"]
[BlackElo "2047"]
[PlyCount "100"]
[EventDate "2017.10.06"]
[EventType "tourn"]
[EventRounds "7"]
[EventCountry "CAN"]
[SourceTitle "EXT 2022"]
[Source "ChessBase"]
[SourceDate "2021.10.06"]
[SourceVersion "1"]
[SourceVersionDate "2021.10.06"]
[SourceQuality "1"]

1. d4 Nf6 2. Nf3 g6 3. c4 Bg7 4. Nc3 d6 5. e3 0-0 6. Be2 Nbd7 7. b3 c6 8. Qc2 Re8 9. Bb2 e5 10. h3 Qc7 11. g4 exd4 12. Nxd4 Nc5 13. 0-0-0 a5 14. Bf3 Qb6 15. Ba3 Be6 16. Nxe6 Rxe6 17. g5 Ne8 18. h4 Nc7 19. Ne2 N7a6 20. Nf4 Ree8 21. Rxd6 Qc7 22. Rd2 Nb4 23. Bxb4 axb4 24. Nd3 Nxd3+ 25. Rxd3 Qe5 26. Kd2 Qf5 27. Ke2 Ra5 28. Rd2 Qe6 29. Rhd1 Bf8 30. Rd4 Rea8 31. R1d2 Qh3 32. Qb1 Re5 33. Qh1 Qe6 34. Bg4 Qe8 35. Rd7 Rea5 36. Qb1 Qb8 37. f4 Bg7 38. Kf3 Bc3 39. Re2 b5 40. c5 R5a7 41. Qd3 Qf8 42. Rd6 Rc7 43. h5 Re8 44. e4 f6 45. gxf6 Bxf6 46. Bd7 Be5 47. Bxe8 Qxf4+ 48. Kg2 Qh2+ 49. Kf1 Qh1+ 50. Kf2 Qh2+ 1/2-1/2

[Event "British Columbia-ch"]
[Site "Victoria"]
[Date "2017.10.08"]
[Round "5.3"]
[White "Hemstapat, Andrew"]
[Black "Doknjas, Joshua"]
[Result "0-1"]
[WhiteElo "2047"]
[BlackElo "2228"]
[PlyCount "82"]
[EventDate "2017.10.06"]
[EventType "tourn"]
[EventRounds "7"]
[EventCountry "CAN"]
[SourceTitle "EXT 2022"]
[Source "ChessBase"]
[SourceDate "2021.10.06"]
[SourceVersion "1"]
[SourceVersionDate "2021.10.06"]
[SourceQuality "1"]

1. e4 c5 2. Nf3 d6 3. d4 cxd4 4. Nxd4 Nf6 5. Nc3 a6 6. Bg5 Nbd7 7. Bc4 Qb6 8. Bb3 e6 9. Be3 Nc5 10. 0-0 Qc7 11. f3 Be7 12. a4 0-0 13. Ba2 b6 14. Qe2 Bd7 15. b4 Nb7 16. Bd2 Rac8 17. f4 a5 18. b5 Qc5 19. Qe3 Ng4 20. Qd3 e5 21. Nd5 Bd8 22. c3 exd4 23. cxd4 Qc2 24. Qe2 Qb2 25. Qd3 Qc2 26. Qe2 Kh8 27. h3 Nf6 28. Nxf6 Bxf6 29. e5 dxe5 30. dxe5 Be7 31. Kh1 Bb4 32. Rfd1 Be6 33. Bb1 Qb2 34. Be4 Nc5 35. Rab1 Qa2 36. Rxb4 axb4 37. Bb1 Qc4 38. Qh5 g6 39. Qh6 Qe2 40. f5 Qxd1+ 41. Kh2 Qh5 0-1

[Event "Langley op"]
[Site "Langley"]
[Date "2017.09.04"]
[Round "5.5"]
[White "Singh, Gurbaz"]
[Black "Hemstapat, Andrew"]
[Result "0-1"]
[WhiteElo "1341"]
[BlackElo "2069"]
[PlyCount "58"]
[EventDate "2017.09.02"]
[EventType "swiss"]
[EventRounds "6"]
[EventCountry "CAN"]
[SourceTitle "EXT 2022"]
[Source "ChessBase"]
[SourceDate "2021.10.06"]
[SourceVersion "1"]
[SourceVersionDate "2021.10.06"]
[SourceQuality "1"]

1. d4 Nf6 2. c4 g6 3. Nc3 Bg7 4. e4 d6 5. Nf3 0-0 6. h3 e5 7. d5 a5 8. Bg5 Na6 9. a3 Bd7 10. Be2 Qe8 11. b3 Nc5 12. Nd2 h6 13. Be3 Nh7 14. Bxc5 dxc5 15. Nb5 Rc8 16. Na7 Rd8 17. Nb5 Bxb5 18. cxb5 f5 19. Qc2 Qe7 20. Rc1 b6 21. 0-0 Kh8 22. Rfd1 Qh4 23. Nf3 Qxe4 24. Qxe4 fxe4 25. Nd2 Nf6 26. Bc4 h5 27. Rc3 Nxd5 28. Bxd5 Rxd5 29. Re3 Bh6 0-1

[Event "Langley op"]
[Site "Langley"]
[Date "2017.09.03"]
[Round "3.10"]
[White "Clarkson, Paul"]
[Black "Hemstapat, Andrew"]
[Result "0-1"]
[WhiteElo "1324"]
[BlackElo "2069"]
[PlyCount "68"]
[EventDate "2017.09.02"]
[EventType "swiss"]
[EventRounds "6"]
[EventCountry "CAN"]
[SourceTitle "EXT 2022"]
[Source "ChessBase"]
[SourceDate "2021.10.06"]
[SourceVersion "1"]
[SourceVersionDate "2021.10.06"]
[SourceQuality "1"]

1. e4 e6 2. d4 d5 3. exd5 exd5 4. Nf3 Bd6 5. Bd3 Ne7 6. c3 Bf5 7. 0-0 0-0 8. Re1 Nbc6 9. Bxf5 Nxf5 10. Qd3 Qf6 11. Nbd2 Rfe8 12. Rxe8+ Rxe8 13. Nf1 Qg6 14. Ne3 Re4 15. Nxf5 Qxf5 16. Be3 Ne7 17. Qb5 h6 18. Qxb7 Rg4 19. h3 Qxf3 20. hxg4 Qxg4 21. g3 Bxg3 22. Qb5 Bd6+ 23. Kf1 Qf3 24. Ke1 g6 25. Kd2 Nf5 26. Rf1 h5 27. Qe2 Qe4 28. Bg5 Bf4+ 29. Bxf4 Qxf4+ 30. Kd3 Nd6 31. Qe7 c6 32. Qe5 Qf3+ 33. Qe3 Qf5+ 34. Kd2 Nc4+ 0-1